000
00322nam a2200121Ia 4500
008
191201s2018 xx 000 0 und d
100
_a
GOYAL, RK
245
0
_a
Practical anatomy and Physiology
260
_b
BS Shah Prakashan
_a
New Delhi
_c
2018
300
_a
187
650
_a
Human Anatomy & Physiology
942
_2
ddc
_c
BK
_0
2
999
_c
8415
_d
8415